000 00473nam a2200181Ia 4500
001 16236
005 20260306170254.0
008 260306t2015||||xx |||||||||||||| ||und||
041 _aESP
082 _a347.51
_bE41 T. 1
100 _aElías Laroza, Enrique
_eAUT
245 0 _aDerecho societario peruano:
_bla ley general de sociedades del Perú
260 _c2015
300 _a798 páginas :
_c25 cm.
650 _aGEN
654 _aCDE
942 _cLIB
_dJUS
_fJUS
_2ddc
_n
999 _c16236
_d16236